Double-Barrelled Baby Boy Names UK 2024 - Statistics

General Stats
  • This quiz has been taken 26 times
  • The average score is 222 of 410
Answer Stats
Number of babies Name One Name Two % Correct
4 A Jay
100%
4 Al Ameen
100%
10 Al Amin
100%
11 Jay Jay
100%
5 Jay Junior
100%
3 Joe Junior
100%
5 Mohammed Musa
100%
3 Mohammed Salahuddin
100%
4 Mohammed Yusuf
100%
5 Muhammad Abdullah
100%
6 Muhammad Adam
100%
4 Muhammad Ahmad
100%
7 Muhammad Ali
100%
3 Muhammad Arham
100%
4 Muhammad Azaan
100%
3 Muhammad Azlan
100%
4 Muhammad Deen
100%
7 Muhammad Eesa
100%
5 Muhammad Haadi
100%
3 Muhammad Hashim
100%
8 Muhammad Hassan
100%
5 Muhammad Hussain
100%
3 Muhammad Huzaifa
100%
6 Muhammad Ibrahim
100%
4 Muhammad Ismaeel
100%
3 Muhammad Izhaan
100%
3 Muhammad Laith
100%
3 Muhammad Mikaeel
100%
8 Muhammad Musa
100%
5 Muhammad Mustafa
100%
3 Muhammad Usman
100%
11 Muhammad Yahya
100%
3 Muhammad Yousuf
100%
3 Muhammad Yunus
100%
11 Muhammad Yusuf
100%
5 Muhammad Zakariya
100%
3 Muhammad Zaviyar
100%
3 Muhammad Zayn
100%
3 Muhammad Zayyan
100%
4 Muhammed Yusuf
100%
3 T Jay
100%
5 Cee Jay
92%
4 Jake Junior
92%
6 John James
92%
5 John Joe
92%
5 John Joseph
92%
5 John Junior
92%
5 John Paul
92%
3 Joseph James
92%
3 Joseph Junior
92%
11 Leo James
92%
4 Leo Jay
92%
3 Leo John
92%
3 Ollie Jay
92%
4 Albert James
83%
4 Albert John
83%
3 Albert Lee
83%
4 Alexander James
83%
5 Harry James
83%
5 Jack Junior
83%
5 Jacob James
83%
4 Jacob John
83%
3 Jamie Junior
83%
3 Jamie Lee
83%
3 Jayden Jack
83%
3 Jayden James
83%
10 Jayden Lee
83%
4 Aaron Junior
75%
20 Alfie James
75%
11 Alfie Jay
75%
3 Alfie Joe
75%
3 Alfie John
75%
3 Alfie Joseph
75%
7 Alfie Lee
75%
7 Alfie Ray
75%
6 El Roi
75%
3 Jackson James
75%
3 James Dean
75%
6 James Junior
75%
13 Jaxon James
75%
7 Jaxon Jay
75%
8 Jaxon Lee
75%
6 Jaxson James
75%
4 Jaxson Jay
75%
3 Jaxson John
75%
5 Jaxson Lee
75%
3 Ky Mani
75%
3 Luca Andrei
75%
4 Luca Bleu
75%
3 Luca Ellis
75%
4 Luca George
75%
27 Luca James
75%
7 Luca Jay
75%
3 Luca Joe
75%
7 Luca John
75%
5 Luca Lee
75%
3 Luca Ray
75%
4 Lucas Andrei
75%
4 Lucas James
75%
5 Luke Junior
75%
3 Nathan Junior
75%
4 Noah Daniel
75%
4 Noah George
75%
5 Noah Jack
75%
28 Noah James
75%
5 Noah Jay
75%
8 Noah John
75%
5 Noah Lee
75%
3 Noah Ray
75%
3 Noah Thomas
75%
15 Oliver James
75%
3 Oliver Jay
75%
22 Theo James
75%
4 Theo Jay
75%
3 Theo Lee
75%
7 Thomas James
75%
3 Albie George
67%
4 Albie Jack
67%
21 Albie James
67%
3 Albie Jax
67%
15 Albie Jay
67%
7 Albie Joe
67%
7 Albie John
67%
3 Albie Joseph
67%
14 Albie Lee
67%
5 Albie Ray
67%
3 Albie Thomas
67%
3 Alby John
67%
3 Ali Asghar
67%
3 Andrew James
67%
3 Archie Jack
67%
9 Archie James
67%
4 Archie Jay
67%
6 Archie John
67%
11 Archie Lee
67%
3 Archie Paul
67%
5 Billy Jay
67%
12 Billy Joe
67%
3 Billy Junior
67%
3 Billy Ray
67%
3 Christopher James
67%
3 Christopher John
67%
5 Christopher Junior
67%
3 Connor John
67%
5 Daniel Junior
67%
3 Danny James
67%
4 David Andrei
67%
3 Eli Alexander
67%
4 Eli James
67%
3 Eli John
67%
7 Finley James
67%
3 Finley Jax
67%
3 Finley Joe
67%
3 Frankie James
67%
5 Frankie Joe
67%
5 Frankie John
67%
10 Frankie Lee
67%
3 Harrison Jay
67%
6 Harrison Lee
67%
14 Hunter James
67%
5 Hunter Jay
67%
19 Hunter Lee
67%
3 Hunter Ray
67%
5 Is Haaq
67%
5 Joshua James
67%
6 Kal El
67%
3 Lee James
67%
4 Lee Junior
67%
3 Liam Junior
67%
7 Mason Lee
67%
6 Oscar James
67%
3 Oscar Lee
67%
4 Theodore James
67%
16 Tommy James
67%
4 Tommy Jax
67%
20 Tommy Jay
67%
3 Tommy Jo
67%
10 Tommy Joe
67%
7 Tommy John
67%
3 Tommy Junior
67%
83 Tommy Lee
67%
3 Tommy Paul
67%
4 Tommy Ray
67%
3 Anthony James
58%
7 Henry James
58%
4 Henry Lee
58%
4 Hudson Gray
58%
12 Hudson James
58%
4 Hudson Jay
58%
3 Hudson John
58%
22 Hudson Lee
58%
10 Hudson Ray
58%
4 Isaac James
58%
3 Isaac John
58%
5 Isaac Lee
58%
3 Joey James
58%
4 Kaiden James
58%
6 Kayden Lee
58%
3 Matthew Junior
58%
6 Michael James
58%
4 Michael Junior
58%
3 Arthur Jack
50%
17 Arthur James
50%
4 Arthur Jay
50%
3 Arthur Joe
50%
12 Arthur John
50%
6 Arthur Lee
50%
5 Arthur Ray
50%
3 Bobby George
50%
5 Bobby Joe
50%
5 Bobby Lee
50%
22 Carter James
50%
3 Carter Jay
50%
3 Carter John
50%
11 Carter Lee
50%
3 Carter Ray
50%
8 Charlie James
50%
3 Charlie John
50%
4 Elijah David
50%
15 Elijah James
50%
9 Elijah Jay
50%
4 Elijah John
50%
3 Elijah Lee
50%
9 Freddie James
50%
4 Freddie Jay
50%
4 Freddie Joe
50%
4 Freddie John
50%
9 Freddie Lee
50%
3 Grayson John
50%
7 Grayson Lee
50%
3 Harvey John
50%
9 Harvey Lee
50%
3 Jordan Jay
50%
3 Jordan Junior
50%
3 Jordan Lee
50%
8 Levi James
50%
3 Levi Jay
50%
4 Logan James
50%
4 Logan Lee
50%
3 Roman Alexander
50%
4 Roman George
50%
12 Roman James
50%
5 Roman Jay
50%
6 Roman John
50%
11 Roman Lee
50%
3 Roman Thomas
50%
6 Tyler James
50%
3 Tyler Jay
50%
3 Xavier Lee
50%
5 Austin James
42%
7 Cody James
42%
6 Cody Lee
42%
3 Elias James
42%
5 Ezra James
42%
3 Harley James
42%
4 Harley Jay
42%
4 Hugo James
42%
3 Hugo Lee
42%
4 Jax James
42%
5 Kodi Lee
42%
11 Louie James
42%
5 Louie Jax
42%
3 Louie Jay
42%
4 Louie John
42%
4 Louie Ray
42%
5 Parker James
42%
6 Parker Lee
42%
6 Ryan Junior
42%
4 Teddie James
42%
3 Teddy Bear
42%
3 Teddy Blue
42%
3 Teddy Jai
42%
20 Teddy James
42%
4 Teddy Jax
42%
9 Teddy Jay
42%
4 Teddy Joe
42%
9 Teddy John
42%
11 Teddy Lee
42%
15 Abdul Ahad
33%
4 Abdul Aziz
33%
9 Abdul Haadi
33%
28 Abdul Hadi
33%
13 Abdul Hakeem
33%
3 Abdul Kareem
33%
3 Abdul Mannan
33%
5 Abdul Mateen
33%
4 Abdul Rafay
33%
6 Abdul Raheem
33%
9 Abdul Rahman
33%
3 Abdul Samad
33%
5 Abdul Sami
33%
5 Arlo Bleu
33%
3 Arlo George
33%
4 Arlo Gray
33%
4 Arlo Grey
33%
6 Arlo Jack
33%
3 Arlo Jae
33%
4 Arlo Jai
33%
3 Arlo Jake
33%
60 Arlo James
33%
6 Arlo Jax
33%
34 Arlo Jay
33%
9 Arlo John
33%
7 Arlo Lee
33%
4 Arlo Paul
33%
4 Arlo Ray
33%
4 Arlo River
33%
3 Benny Lee
33%
5 Carson James
33%
5 Carson Lee
33%
4 Cooper James
33%
4 Jenson James
33%
3 Jenson Lee
33%
3 Karson Lee
33%
4 Kobe Lee
33%
3 Kobi Jay
33%
3 Kobi Lee
33%
4 Kobie James
33%
3 Koby Lee
33%
3 Mark Junior
33%
11 Riley James
33%
7 Riley Jay
33%
4 Riley John
33%
9 Ronnie James
33%
10 Ronnie Jay
33%
9 Ronnie John
33%
18 Ronnie Lee
33%
4 Ronnie Rae
33%
13 Ronnie Ray
33%
5 Rory James
33%
3 Rory John
33%
3 Bodhi Bleu
25%
3 Bodhi Lee
25%
3 Casey James
25%
4 Coby Lee
25%
4 Enzo James
25%
3 Enzo Lee
25%
11 Jesse James
25%
3 Jimmy James
25%
3 Jimmy Joe
25%
4 Kayson Lee
25%
5 Lennie James
25%
5 Lenny James
25%
3 Lenny Lee
25%
12 Reggie James
25%
8 Reggie Jay
25%
4 Reggie John
25%
24 Reggie Lee
25%
3 Reggie Paul
25%
3 Reggie Rae
25%
7 Reggie Ray
25%
3 Reggie Thomas
25%
9 Reuben James
25%
3 Reuben Jay
25%
10 Reuben Lee
25%
3 River James
25%
9 Rowan James
25%
3 Rowan John
25%
7 Ruben James
25%
3 Brodie James
17%
14 Brodie Lee
17%
4 Brody Lee
17%
3 Dominic Andrei
17%
6 King David
17%
3 Kylo Jay
17%
3 Kyran Lee
17%
3 Leighton Lee
17%
3 Lochlan James
17%
3 Lorenzo James
17%
5 Marley James
17%
7 Marley Jay
17%
3 Mathias Gabriel
17%
3 Oakley Bleu
17%
4 Oakley Blu
17%
25 Oakley James
17%
4 Oakley Jax
17%
11 Oakley Jay
17%
4 Oakley Rae
17%
3 Ralphie Jay
17%
3 Ralphie Lee
17%
3 Ronan James
17%
5 Sonny James
17%
3 Sonny Jay
17%
4 Sonny Lee
17%
3 Sonny Ray
17%
3 Taylor James
17%
3 Zain Ul-Abideen
17%
10 Abu Bakr
8%
4 Colby James
8%
3 Huxley James
8%
3 Kyson Lee
8%
3 Matei Andrei
8%
7 Romeo James
8%
3 Thiago Andrei
8%
3 Vinnie George
8%
6 Vinnie James
8%
6 Vinnie Joe
8%
7 Vinnie Lee
8%
6 Abdur Raheem
0%
27 Abdur Rahman
0%
3 Adonis James
0%
4 Chester James
0%
3 Cohen Jay
0%
3 Cohen Lee
0%
3 Dalton Lee
0%
3 Dougie Lee
0%
3 Kairo Jay
0%
5 Rares Andrei
0%
3 Rares Stefan
0%
3 Rico James
0%
No matching quizzes found
Score Distribution
Percent of People with Each Score
Percentile by Number Answered
Your Score History
You have not taken this quiz